• 首页
  • 本馆介绍
  • 公告通知
  • 最新文献
  • 馆藏检索
  • 电子资源
  • 读者导购
  • 参考咨询
  • 我的图书馆
  • 登录
  • 详细信息显示
  • 放入我的书架
  • 预约/预借图书
  • 作者相关作品
  • 分类相关作品
  • 丛书相关作品
  • 出版社相关作品

书目信息

  • 表格格式
  • 工作单格式
  • 卡片格式
题名:
社会调查研究方法
    
 
作者:
分册:  
出版信息: 北京   中国人民大学出版社  2009
页数: 247
开本: 20
丛书名:
单 册:
中图分类: C915.31
科图分类:
主题词:
电子资源:
ISBN: 978-7-300-10912-1
000 00474nam0 2200157 450
001 202410182958342035
005 20241018173202.52
010    @a978-7-300-10912-1@d22
100    @a20241018d km y0chiy0120 ea
101 0  @achi
200 1  @a社会调查研究方法@AShe Hui Diao Cha Yan Jiu Fang Fa
210    @a北京@c中国人民大学出版社@d2009
215    @a247@d20
690    @aC915.31@v4
801  0 @aCN@b大连网信软件有限公司图书馆·11@c20241018
905    @aZUCC@b1423672@dC915.31@e2084=2@f1
    
    社会调查研究方法.-北京:中国人民大学出版社,2009
    247;20
    
    
    ISBN 978-7-300-10912-1:22
    
●
相关链接 在E读中查询图书 在五车中查询图书 在当当中查询图书 在豆瓣中查询图书


正题名:社会调查研究方法     索取号:C915.31/2084=2         预约/预借

序号 登录号 条形码 馆藏地/架位号 状态 备注
1 0887650   208876509   第一样本阅览室/ [索取号:C915.31/2084=2] 在馆    
2 0887651   208876518   第一借阅区/ [索取号:C915.31/2084=2] 在馆    
3 0887652   208876527   第一借阅区/ [索取号:C915.31/2084=2] 在馆    
4 0887653   208876536   第一借阅区/ [索取号:C915.31/2084=2] 在馆    
5 0887654   208876545   第一借阅区/ [索取号:C915.31/2084=2] 在馆    
6 1423672   214236726   密集书库-物理学院/ [索取号:C915.31/2084=2] 在馆    
唐山师范学院图书馆 欢迎您!
大连网信软件有限公司© 版权所有